ทรงพระผนวช พุทธศักราช 2499 (ระเบียนเลขที่ 2847)
| 000 -LEADER | |
|---|---|
| fixed length control field | 00831nam a22002057a 4500 |
| 005 - DATE AND TIME OF LATEST TRANSACTION | |
| control field | 20210325174003.0 |
| 008 - FIXED-LENGTH DATA ELEMENTS--GENERAL INFORMATION | |
| fixed length control field | s2533 th tha d |
| 020 ## - INTERNATIONAL STANDARD BOOK NUMBER | |
| International Standard Book Number | 9748049485 |
| 041 ## - LANGUAGE CODE | |
| Language code of text/sound track or separate title | tha |
| 050 ## - LIBRARY OF CONGRESS CALL NUMBER | |
| Classification number | DS568 ส691ท 2533 |
| 245 10 - TITLE STATEMENT | |
| Title | ทรงพระผนวช พุทธศักราช 2499 |
| 260 3# - PUBLICATION, DISTRIBUTION, ETC. | |
| Name of publisher, distributor, etc. | งานประชาสัมพันธ์และเผยแพร่ สำนักพระราชวัง, |
| Date of publication, distribution, etc. | 2533 |
| 300 ## - PHYSICAL DESCRIPTION | |
| Extent | 1 เล่ม : |
| Other physical details | ภาพประกอบ |
| 650 04 - SUBJECT ADDED ENTRY--TOPICAL TERM | |
| Topical term or geographic name entry element | พระราชพิธีทรงผนวช |
| 650 04 - SUBJECT ADDED ENTRY--TOPICAL TERM | |
| Topical term or geographic name entry element | พิธีทางศาสนาและพิธีกรรม |
| 850 ## - HOLDING INSTITUTION | |
| Holding institution | NALT |
| 942 ## - ADDED ENTRY ELEMENTS (KOHA) | |
| Koha item type | General Book |
| 997 ## - | |
| -- | 000000000002847 |
| 998 ## - LOCAL CONTROL INFORMATION (RLIN) | |
| -- | นางสาวเบญจลักษณ์ สุทธิวิไล |
| Withdrawn status | Lost status | Damaged status | Not for loan | Collection code | Home library | Current library | Total Checkouts | Full call number | Barcode | Date last seen | Price effective from | Koha item type |
|---|---|---|---|---|---|---|---|---|---|---|---|---|
| General Book collection | National Assembly Library of Thailand | National Assembly Library of Thailand | DS 568 ส691ท 2533 | 3961100698 | 09/06/2017 | 09/06/2017 | General Book |
